| 000 | 00538cab a22001935a 4500 | ||
|---|---|---|---|
| 001 | L158314 | ||
| 008 | 141205e20141129xxk 000 0 eng d | ||
| 035 | _a(Sirsi) u158314 | ||
| 041 | 0 | _aeng | |
| 100 | 1 | _aHumphreys, Emma | |
| 245 | 0 | 0 | _aDischarge of restrictive covenants |
| 260 | _c2014 | ||
| 490 |
_aEstates Gazette _v(1448) 29 November 2014, 121(1) |
||
| 520 | _aPermitted grounds for the discharge of restrictive covenants. | ||
| 590 | _aKA | ||
| 690 |
_aProperty management _96262 |
||
| 700 | 1 | _aFrancis, Edward | |
| 942 | _n0 | ||
| 999 |
_c84558 _d84558 |
||